<?xml version="1.0" encoding="UTF-8"?>
<collection xmlns="http://www.loc.gov/MARC21/slim">
 <record>
  <leader>01099nam a2200217Ia 4500</leader>
  <controlfield tag="001">CTU_16600</controlfield>
  <controlfield tag="008">210402s9999    xx            000 0 und d</controlfield>
  <datafield tag="082" ind1=" " ind2=" ">
   <subfield code="a">428.24</subfield>
  </datafield>
  <datafield tag="082" ind1=" " ind2=" ">
   <subfield code="b">B664</subfield>
  </datafield>
  <datafield tag="100" ind1=" " ind2=" ">
   <subfield code="a">Keith Boeckner</subfield>
  </datafield>
  <datafield tag="245" ind1=" " ind2="0">
   <subfield code="a">Oxford English for computing</subfield>
  </datafield>
  <datafield tag="245" ind1=" " ind2="0">
   <subfield code="b">= Tiếng Anh cho vi tính</subfield>
  </datafield>
  <datafield tag="245" ind1=" " ind2="0">
   <subfield code="c">Keith Boeckner, P Charles Brown</subfield>
  </datafield>
  <datafield tag="260" ind1=" " ind2=" ">
   <subfield code="a">Đà Nẵng</subfield>
  </datafield>
  <datafield tag="260" ind1=" " ind2=" ">
   <subfield code="b">Nhà xuất bản Đà Nẵng</subfield>
  </datafield>
  <datafield tag="260" ind1=" " ind2=" ">
   <subfield code="c">1996</subfield>
  </datafield>
  <datafield tag="520" ind1=" " ind2=" ">
   <subfield code="a">The book consists of two parts. Part one is student's book. There are a range of authentic texts and listening activities covering every thing from the lastest applications of computer technology to the underlying computer processes and components. Part two is answer book. It contains a key to the tasks and exercises, the tapescripts, and useful unit-by-unit teaching notes</subfield>
  </datafield>
  <datafield tag="650" ind1=" " ind2=" ">
   <subfield code="a">English language,English language</subfield>
  </datafield>
  <datafield tag="650" ind1=" " ind2=" ">
   <subfield code="x">Textbooks for foreign speakers,Technical English</subfield>
  </datafield>
  <datafield tag="904" ind1=" " ind2=" ">
   <subfield code="i">Mai đã sửa số PL từ 004.03 thành 428.24 chưa in nhãn</subfield>
  </datafield>
  <datafield tag="980" ind1=" " ind2=" ">
   <subfield code="a">Trung tâm Học liệu Trường Đại học Cần Thơ</subfield>
  </datafield>
 </record>
</collection>
